Sizes
| Format: | Book |
|---|---|
| Published: |
London :
Dorling Kindersley ,
1990
|
| Subjects: |
MARC
| LEADER | 00000cam a2200000 7i4500 | ||
|---|---|---|---|
| 001 | 0000005821 | ||
| 002 | 000006293 | ||
| 005 | 20000330.0 | ||
| 020 | |a 0863184278 | ||
| 090 | 0 | 0 | |a J 001 |b FIR |
| 245 | 0 | 0 | |a Sizes |
| 260 | |a London : |b Dorling Kindersley , |c 1990 | ||
| 300 | |a 17 p. : |b ill. ; |c 18 cm. | ||
| 650 | 0 | 0 | |a Sizes |x Juvenile literature |
| 999 | |a 031092 |b BUKU |c PINJAMAN |e PERPUSTAKAAN KOMUNITI PETALING JAYA | ||